| 000 | 00513nam a22001697a 4500 | ||
|---|---|---|---|
| 999 |
_c9070 _d9070 |
||
| 003 | AR-CdUCM | ||
| 008 | 190327b ||||| |||| 00| 0 spa d | ||
| 040 |
_aMUNICIPALIDAD PROVINCIAL DEL CUSCO _cBIBLIOTECA MUNICIPAL DEL CUSCO |
||
| 082 |
_a360 _bU42 |
||
| 110 |
_aUNICEF _99438 |
||
| 245 | _aSistema de responsabilidad penal para adolescentes / | ||
| 260 |
_aPaís Vasco : _bunicef, _c2003. |
||
| 300 |
_a312 páginas ; _c22 cm. |
||
| 440 |
_aSeminario internacional _925055 |
||
| 942 |
_2ddc _cLIBROS |
||
| 945 | _awfj | ||